000 00807nam a2200193 4500
001 268
005 20181127161037.0
020 0 0 _a8174762426
090 0 0 _a822.33 Q1 2006
100 0 0 _aShakespeare, William.
245 0 0 _aMuch ado about nothing /
_b
_cWilliam Shakespeare.
_h
260 0 0 _aNew Delhi :
_bUBS Publishers' Distributors,
_c2006.
300 0 0 _a[ix], 361 p.
500 0 0 _a"Special edition with introduction, detailed notes, scene-wise summary, annotations and questions and answers by Praveen Bhatia"
590 _aElectronic copy available on RTC Cloud in "Library" folder
650 0 0 _aShakespeare, William, 1564-1616. Much ado about nothing.
_x
700 _aBhatia, Praveen.
_b
_c
_d
_e
_k
_l
_m
_n
_o
_p
_q
_r
_s
_t
856 _a
_uhttp://shakespeare.mit.edu/much_ado/index.html
_yMuch ado about nothing
_z
_3
999 _c238
_d238